| 000 | 004490000a22001810004500 | ||
|---|---|---|---|
| 003 | MACL | ||
| 005 | 20160101153619.0 | ||
| 008 | 160101b xxu||||| |||| 00| 0 eng d | ||
| 040 |
_aMACL _cMACL |
||
| 041 | _aEnglish | ||
| 082 | _a400/WIH | ||
| 100 |
_aWinfield, Rev W W _926563 |
||
| 245 | _aA Vocabulary of the Kui Language | ||
| 260 |
_bA D Publications _c1985 _aDelhi |
||
| 350 | _a60 | ||
| 650 |
_aLanguage _926564 |
||
| 942 |
_cBK _k400/WIN _2ddc |
||
| 999 |
_c34284 _d34284 |
||